000 01188cam a22003014a 4500
001 4522364
003 ARRUPE
005 20150401020005.0
008 990519s1999 dcu b 101 0 eng
010 _a 99032103
020 _a0802846912 (pbk. : alk. paper)
035 _a(DLC) 99032103
040 _aDLC
_cDLC
_dDLC
042 _apcc
050 0 0 _aBL65.P7
_bD47 1999
082 0 0 _a291.1/77/09
_221
245 0 4 _aThe desecularization of the world :
_bresurgent religion and world politics /
_cedited by Peter L. Berger.
260 _aWashington, D.C. :
_bEthics and Public Policy Center ;
_aGrand Rapids, Mich. :
_bW.B. Eerdmans Pub. Co.,
_c1999.
300 _aviii, 135 p. ;
_c23 cm.
504 _aIncludes bibliographical references (p. 123-128) and index.
650 0 _aReligion and politics
_vCongresses.
_9186
650 0 _aSecularism
_vCongresses.
_9187
700 1 _aBerger, Peter L.,
_d1929-
_9188
906 _a7
_bcbc
_corignew
_d1
_eocip
_f19
_gy-gencatlg
942 _2lcc
_cMONOGRAPH
_01
999 _c117794
_d117794